00430nam a2200145Ia 4500100001900000650001400019942000700033654001800040245004900058260003400107300000800141546001200149999001700161952010600178 aEdgar/Carroll  aChemistry cBK amanufacturing aFund. Of Manufacturing Processes & Materials bADDISON WESLEYaNEWYORKc1966 a515 aENGLISH c18519d18519 001040708AFTaCRCEbCRCEd2023-03-17g48.55iT-9l0o pAFT1467r2023-03-17v48.55w2023-03-17yBK